000 00642nam a2200241Ia 4500
003 OSt
005 20221006144619.0
006 a|||||r|||| 00| 0
007 ta
008 221006b |||||||| |||| 00| 0 eng d
020 _c
_8.00
024 _a12,125
037 _cTextual
040 _aEASL
_cEASL
_beng
041 _2eng
_aeng
082 _aV41y7N39, K8
100 _aKUANG-SHENG Chen
_9652423
245 0 _aLei feng chairman Mao's good fighter
260 _aPeking
_bForeing Languages Press
_c1968
300 _a101p.
_ccm.
942 _hV41y7N39, K8
_cTEXL
_2CC
999 _c1080211
_d1080211